Jeux Olympiques 1968 - Pays participants - Statistiques

Statistiques générales
  • Ce quiz a été pris 10 fois
  • Le résultat moyen est 108 sur 131
Réponses sur la Carte
Les réponses sont colorées sur une échelle allant du rouge au vert en fonction du pourcentage des utilisateurs qui les ont devinées à leur premier essai. Vous pouvez retrouver ces pourcentages ci-dessous.
 
Statistiques - réponses
Nombre d'athlètes Pays % Correct
226 Allemagne de l'Est
100%
275 Allemagne de l'Ouest
100%
89 Argentine
100%
82 Belgique
100%
84 Brésil
100%
138 Canada
100%
64 Danemark
100%
30 Egypte
100%
122 Espagne
100%
377 Etats-Unis
100%
66 Finlande
100%
172 France
100%
167 Hongrie
100%
03 Irak
100%
14 Iran
100%
31 Irlande
100%
171 Italie
100%
171 Japon
100%
46 Norvège
100%
107 Pays-Bas
100%
177 Pologne
100%
20 Portugal
100%
225 Royaume-Uni
100%
100 Suède
100%
85 Suisse
100%
312 URSS
100%
05 Afghanistan
89%
03 Algérie
89%
128 Australie
89%
43 Autriche
89%
04 Bolivie
89%
112 Bulgarie
89%
43 Colombie
89%
18 Ethiopie
89%
44 Grèce
89%
25 Inde
89%
08 Islande
89%
05 Luxembourg
89%
04 Madagascar
89%
24 Maroc
89%
275 Mexique
89%
52 Nouvelle-Zélande
89%
01 Paraguay
89%
28 Pérou
89%
05 République démocratique du Congo
89%
82 Roumanie
89%
29 Turquie
89%
27 Uruguay
89%
69 Yougoslavie
89%
21 Chili
78%
54 Corée du Sud
78%
18 Costa Rica
78%
118 Cuba
78%
15 Equateur
78%
15 Guinée
78%
06 Indonésie
78%
29 Israël
78%
25 Jamaïque
78%
11 Liban
78%
02 Mali
78%
16 Mongolie
78%
15 Pakistan
78%
16 Panama
78%
21 Sénégal
78%
05 Soudan
78%
02 Syrie
78%
121 Tchécoslovaquie
78%
41 Thaïlande
78%
07 Tunisie
78%
09 Vietnam
78%
09 Barbade
67%
04 Birmanie
67%
05 Cameroun
67%
03 Ceylan
67%
10 Côte d'Ivoire
67%
31 Ghana
67%
48 Guatemala
67%
06 Honduras
67%
07 Honduras britannique
67%
39 Kenya
67%
01 Libye
67%
02 Liechtenstein
67%
31 Malaisie
67%
11 Nicaragua
67%
02 Niger
67%
36 Nigeria
67%
49 Philippines
67%
60 Salvador
67%
01 Suriname
67%
43 Taïwan
67%
03 Tchad
67%
23 Venezuela
67%
16 Bahamas
56%
01 Fidji
56%
05 Guyana
56%
01 Malte
56%
02 Monaco
56%
01 Ouganda
56%
01 République Centrafricaine
56%
18 République Dominicaine
56%
04 Saint-Marin
56%
19 Trinité-et-Tobago
56%
07 Zambie
56%
03 Sierra Leone
44%
04 Tanzanie
44%
02 Koweït
33%
04 Singapour
33%
Aucun quiz correspondant
Distribution des résultats
% des personnes avec chaque résultat
Percentile par nombre de réponses
Votre historique - résultats
Vous n’avez pas pris ce quiz